BIBLIOTECA

SENCICO

Habitaciones infantiles / (Registro nro. 3765)

Detalles MARC
000 -LEADER
fixed length control field 00751nam a22002417a 4500
003 - CONTROL NUMBER IDENTIFIER
control field PE SENCICO BE
005 - DATE AND TIME OF LATEST TRANSACTION
control field 20251020182624.0
008 - FIXED-LENGTH DATA ELEMENTS--GENERAL INFORMATION
fixed length control field 230111b |||||||| |||| 00| 0 eng d
020 ## - INTERNATIONAL STANDARD BOOK NUMBER
International Standard Book Number 978-9962-04-468-0
040 ## - CATALOGING SOURCE
Original cataloging agency PE SENCICO BE
Transcribing agency PE SENCICO BE
082 ## - DEWEY DECIMAL CLASSIFICATION NUMBER
Classification number 747
Item number L3
110 1# - MAIN ENTRY--CORPORATE NAME
9 (RLIN) 326
Corporate name or jurisdiction name as entry element Lexus Editores
245 1# - TITLE STATEMENT
Title Habitaciones infantiles /
Statement of responsibility, etc. Lexus Editores
250 ## - EDITION STATEMENT
Edition statement [1a ed.]
260 ## - PUBLICATION, DISTRIBUTION, ETC.
Place of publication, distribution, etc. s.l.:
Name of publisher, distributor, etc. Lexus editores,
Date of publication, distribution, etc. 2018
300 ## - PHYSICAL DESCRIPTION
Extent 257 p. :
Other physical details il., col., fotog., lams.;
Dimensions 26 cm.
650 14 - SUBJECT ADDED ENTRY--TOPICAL TERM
9 (RLIN) 44
Topical term or geographic name entry element Diseño de interiores
650 24 - SUBJECT ADDED ENTRY--TOPICAL TERM
9 (RLIN) 199
Topical term or geographic name entry element Distribución de espacios (viviendas)
650 24 - SUBJECT ADDED ENTRY--TOPICAL TERM
9 (RLIN) 25
Topical term or geographic name entry element Decoración de interiores
650 24 - SUBJECT ADDED ENTRY--TOPICAL TERM
9 (RLIN) 239
Topical term or geographic name entry element Muebles
910 ## - USER-OPTION DATA (OCLC)
-- hfp
-- hfp
942 ## - ADDED ENTRY ELEMENTS (KOHA)
Source of classification or shelving scheme Dewey Decimal Classification
Koha item type Libros
Classification part 747
Item part L3
Existencias
Fecha de la última vez que lo usaron Número de ingreso o de inventario Pago total Signatura topográfica completa Precio efectivo desde Tipo de documento Estado perdido Sistema de clasificación Estado dañado No es para préstamo Retirado Ubicación permanente Ubicación actual Fecha de adquisición
11/01/2023 16525   747/L3 11/01/2023 Libros   Dewey Decimal Classification       Biblioteca Central Lima Biblioteca Central Lima 11/01/2023